000
00345nam a2200145Ia 4500
008
230718s9999 xx 000 0 und d
041
_a
Eng.
082
_a
KNS 452
_b
IND-I
100
_a
Indon, Mahesh Prasad
245
0
_a
Interpretation of States
260
_a
Pakistan
_b
Asia Law House
_c
2005
300
_a
422
650
_a
Law
999
_c
31376
_d
31376